BIBLIOTECA PODER JUDICIAL
Portal Judicial TDF

La prescripción penal en las sanciones administrativas / (Registro nro. 6150)

000 -LEADER
fixed length control field 01018nabaa22001937a 4500
003 - CONTROL NUMBER IDENTIFIER
control field OSt
005 - DATE AND TIME OF LATEST TRANSACTION
control field 20260123001800.0
008 - FIXED-LENGTH DATA ELEMENTS--GENERAL INFORMATION
fixed length control field 190701b xxu||||| |||| 00| 0 spa d
040 ## - CATALOGING SOURCE
Transcribing agency PJ
100 ## - MAIN ENTRY--PERSONAL NAME
9 (RLIN) 4410
Personal name Salgan Ruiz, Leandro G.
245 13 - TITLE STATEMENT
Title La prescripción penal en las sanciones administrativas /
Statement of responsibility, etc Leandro Salgan Ruiz.
300 ## - PHYSICAL DESCRIPTION
Extent p. 180-187
505 ## - FORMATTED CONTENTS NOTE
Formatted contents note Sumario: I. Reseña del caso.— II. El Cód. Penal como legislación de fondo.— III. La potestad sancionadora en el derecho público local.—IV. El carácter penal de las infracciones administrativas.— V. La aplicación de la prescripción penal a las multas tributarias.— VI. Reflexiones finales.
505 ## - FORMATTED CONTENTS NOTE
Title ¿Te interesa el texto completo? Comunicate al correo: koha@justierradelfuego.gov.ar
650 #0 - SUBJECT ADDED ENTRY--TOPICAL TERM
9 (RLIN) 211
Topical term or geographic name as entry element DERECHO ADMINISTRATIVO
650 #0 - SUBJECT ADDED ENTRY--TOPICAL TERM
9 (RLIN) 2986
Topical term or geographic name as entry element SANCIONES ADMINISTRATIVAS
773 0# - HOST ITEM ENTRY
Host Biblionumber 2842
Host Itemnumber 3251
Place, publisher, and date of publication Buenos Aires : AbeledoPerrot, 2012-
Other item identifier DA121
Title Derecho administrativo. Nº 150 noviembre/diciembre 2023
International Standard Book Number 18510590
942 ## - ADDED ENTRY ELEMENTS (KOHA)
Source of classification or shelving scheme
Koha item type Analítica Artículo de Revista

No hay ítems disponibles.

12 de Octubre 789 Ushuaia - Tel:  54(02901)441571
Horario de Atención: 8.00 a 17.00 hs. 
bibliotecaush@justierradelfuego.gov.ar
koha@justierradelfuego.gov.ar
Seguinos en nuestras redes @bibliojustdf 

Con tecnología Koha